[Event "BL2-Ost 2223"]
[Site "Germany"]
[Date "2022.11.27"]
[Round "4.7"]
[White "Voekler, Bernd"]
[Black "Pflug, Matthias"]
[Result "1/2-1/2"]
[WhiteElo "2343"]
[BlackElo "2246"]
[PlyCount "41"]
[EventDate "2022.10.22"]
[EventType "team-tourn"]
[EventRounds "10"]
[EventCountry "GER"]
[SourceTitle "EXT 2024"]
[Source "ChessBase"]
[SourceDate "2023.10.10"]
[SourceVersion "1"]
[SourceVersionDate "2023.10.10"]
[SourceQuality "1"]
[WhiteTeam "Erfurt"]
[BlackTeam "Passau"]
[WhiteTeamCountry "GER"]
[BlackTeamCountry "GER"]

1. e4 c5 2. Nf3 d6 3. d4 cxd4 4. Nxd4 Nf6 5. Nc3 a6 6. g3 e5 7. Nde2 Be7 8. Bg2 0-0 9. a4 Qc7 10. 0-0 b6 11. h3 Bb7 12. g4 Nbd7 13. Ng3 g6 14. Bh6 Rfd8 15. Qd2 Ne8 16. Kh2 Rac8 17. Rac1 Qc4 18. Rfd1 Bf8 19. Bxf8 Kxf8 20. Bf1 Qb4 21. Nd5 1/2-1/2

[Event "AUT-chT2W 2122"]
[Site "Austria"]
[Date "2022.03.13"]
[Round "11.4"]
[White "Pflug, Matthias"]
[Black "Lederwasch, Bernhard"]
[Result "1/2-1/2"]
[WhiteElo "2275"]
[BlackElo "2159"]
[PlyCount "64"]
[EventDate "2021.10.15"]
[EventType "team-tourn"]
[EventRounds "11"]
[EventCountry "AUT"]
[SourceTitle "EXT 2023"]
[Source "ChessBase"]
[SourceDate "2022.10.05"]
[SourceVersion "1"]
[SourceVersionDate "2022.10.05"]
[SourceQuality "1"]
[WhiteTeam "Salzburg Royal"]
[BlackTeam "Jenbach II"]
[WhiteTeamCountry "AUT"]
[BlackTeamCountry "AUT"]

1. e4 c5 2. Nf3 Nc6 3. d4 cxd4 4. Nxd4 g6 5. Nc3 Bg7 6. Be3 Nf6 7. Bc4 Qa5 8. 0-0 d6 9. h3 0-0 10. Bb3 Bd7 11. Re1 a6 12. Nd5 Qd8 13. Nxc6 Bxc6 14. Bb6 Qd7 15. Bd4 Bxd5 16. exd5 Rfe8 17. c3 Qf5 18. Be3 Qc8 19. Bg5 h6 20. Bf4 Qf5 21. Qd2 Kh7 22. Rad1 Rac8 23. Re2 Qd7 24. Rde1 b5 25. Qd3 a5 26. a3 Rb8 27. c4 bxc4 28. Bxc4 a4 29. b3 axb3 30. Bxb3 Ng8 31. Bd2 Rec8 32. Bb4 Qb5 1/2-1/2

[Event "AUT-chT 1819"]
[Site "Austria"]
[Date "2019.01.20"]
[Round "8.4"]
[White "Platzgummer, Fabian"]
[Black "Pflug, Matthias"]
[Result "1/2-1/2"]
[WhiteElo "2335"]
[BlackElo "2260"]
[PlyCount "61"]
[EventDate "2018.11.15"]
[EventType "team-tourn"]
[EventRounds "11"]
[EventCountry "AUT"]
[SourceTitle "CBM 188 Extra"]
[Source "ChessBase"]
[SourceDate "2019.02.28"]
[SourceVersion "1"]
[SourceVersionDate "2019.02.28"]
[SourceQuality "1"]
[WhiteTeam "Mayrhofen/Zillertal"]
[BlackTeam "Salzburg Royal"]
[WhiteTeamCountry "AUT"]
[BlackTeamCountry "AUT"]

1. g3 Nf6 2. Bg2 g6 3. c4 Bg7 4. Nc3 d6 5. e4 0-0 6. Nge2 c5 7. d4 Nc6 8. d5 Ne5 9. b3 Bg4 10. 0-0 Bf3 11. Bxf3 Nxf3+ 12. Kg2 Nd4 13. Nxd4 cxd4 14. Qxd4 Nxd5 15. Qxd5 Bxc3 16. Rb1 Qc7 17. Bf4 Qc6 18. Qxc6 bxc6 19. b4 Rfb8 20. Rb3 Bd4 21. a4 a6 22. Bd2 c5 23. b5 axb5 24. Rxb5 Rxb5 25. axb5 Kf8 26. Rb1 Ke8 27. b6 Kd7 28. Ba5 Rb8 29. b7 Bf6 30. f4 e6 31. f5 1/2-1/2

[Event "AUT-chT 1819"]
[Site "Austria"]
[Date "2019.01.19"]
[Round "7.2"]
[White "Pflug, Matthias"]
[Black "Steindl, Johannes"]
[Result "1/2-1/2"]
[WhiteElo "2260"]
[BlackElo "2216"]
[PlyCount "72"]
[EventDate "2018.11.15"]
[EventType "team-tourn"]
[EventRounds "11"]
[EventCountry "AUT"]
[SourceTitle "CBM 188 Extra"]
[Source "ChessBase"]
[SourceDate "2019.02.28"]
[SourceVersion "1"]
[SourceVersionDate "2019.02.28"]
[SourceQuality "1"]
[WhiteTeam "Salzburg Royal"]
[BlackTeam "Wien Ottakring"]
[WhiteTeamCountry "AUT"]
[BlackTeamCountry "AUT"]

1. e4 c5 2. Nf3 d6 3. d4 cxd4 4. Nxd4 Nf6 5. Nc3 a6 6. f3 e5 7. Nb3 Be6 8. Be3 Be7 9. Qd2 h5 10. 0-0-0 Nbd7 11. h3 Rc8 12. Rg1 h4 13. Kb1 b5 14. Qf2 Rxc3 15. bxc3 Qc7 16. Bd3 Nc5 17. Bd2 Na4 18. Qe1 Nh5 19. Ka1 0-0 20. g4 hxg3 21. Rxg3 Nxg3 22. Qxg3 Bf6 23. Rg1 Rc8 24. h4 Kf8 25. h5 Ke7 26. Qe1 Rh8 27. Rh1 Ke8 28. Qc1 Bc4 29. Bxc4 Qxc4 30. Qe1 Ke7 31. Qe3 Qc7 32. Nc1 Nb6 33. Nd3 Nc4 34. Qf2 Qb6 35. Qxb6 Nxb6 36. Nb4 Nc4 1/2-1/2

[Event "Oberliga Bayern 1718"]
[Site "Bayern"]
[Date "2017.11.26"]
[Round "3.4"]
[White "Dey, Jan Marten"]
[Black "Pflug, Matthias"]
[Result "1/2-1/2"]
[WhiteElo "2233"]
[BlackElo "2285"]
[PlyCount "47"]
[EventDate "2017.10.22"]
[EventType "team-tourn"]
[EventRounds "9"]
[EventCountry "GER"]
[SourceTitle "EXT 2020"]
[Source "ChessBase"]
[SourceDate "2019.10.17"]
[SourceVersion "1"]
[SourceVersionDate "2019.10.17"]
[SourceQuality "1"]
[WhiteTeam "Schweinfurt"]
[BlackTeam "Passau"]
[WhiteTeamCountry "GER"]
[BlackTeamCountry "GER"]

1. Nf3 d6 2. b3 e5 3. d3 g6 4. g3 Bg7 5. Bb2 f5 6. Bg2 Nf6 7. 0-0 0-0 8. c4 Nc6 9. Nc3 h6 10. e3 g5 11. Nd2 g4 12. f4 exf4 13. Rxf4 h5 14. Nd5 Ne5 15. Qc2 c6 16. Nxf6+ Qxf6 17. Re1 Nf3+ 18. Nxf3 Qxb2 19. Qxb2 Bxb2 20. Nd4 Kg7 21. Ref1 Bxd4 22. Rxd4 Rd8 23. c5 Kf6 24. cxd6 1/2-1/2

[Event "Oberliga Bayern 1718"]
[Site "Bayern"]
[Date "2017.11.12"]
[Round "2.7"]
[White "Bielmeier, Ludwig"]
[Black "Pflug, Matthias"]
[Result "1/2-1/2"]
[WhiteElo "2046"]
[BlackElo "2285"]
[PlyCount "73"]
[EventDate "2017.10.22"]
[EventType "team-tourn"]
[EventRounds "9"]
[EventCountry "GER"]
[SourceTitle "EXT 2020"]
[Source "ChessBase"]
[SourceDate "2019.10.17"]
[SourceVersion "1"]
[SourceVersionDate "2019.10.17"]
[SourceQuality "1"]
[WhiteTeam "Deggendorf"]
[BlackTeam "Passau"]
[WhiteTeamCountry "GER"]
[BlackTeamCountry "GER"]

1. Nf3 g6 2. g3 Bg7 3. Bg2 d6 4. c4 f5 5. Nc3 Nf6 6. d3 0-0 7. 0-0 Nc6 8. Rb1 a5 9. a3 e5 10. b4 axb4 11. axb4 h6 12. b5 Ne7 13. Qb3 Be6 14. Bb2 g5 15. Ra1 Rxa1 16. Rxa1 b6 17. Ra7 Ng6 18. Nd2 h5 19. Qa4 g4 20. Ra8 Qe7 21. Rxf8+ Bxf8 22. Qa8 Kf7 23. Nd5 Nxd5 24. Bxd5 Bh6 25. Nb1 Bxd5 26. Qxd5+ Qe6 27. Nc3 Ne7 28. Qa8 Qd7 29. Qh8 Kg6 30. Qb8 Bd2 31. Nd5 Nxd5 32. Qg8+ Qg7 33. Qxd5 Bg5 34. Qe6+ Qf6 35. Qg8+ Qg7 36. Qe8+ Qf7 37. Qc8 1/2-1/2

[Event "BL2-Ost 1415"]
[Site "Germany"]
[Date "2014.10.19"]
[Round "2.7"]
[White "Pflug, Matthias"]
[Black "Rausch, Stephan"]
[Result "1/2-1/2"]
[WhiteElo "2264"]
[BlackElo "2276"]
[PlyCount "33"]
[EventDate "2014.10.18"]
[EventType "team-tourn"]
[EventRounds "10"]
[EventCountry "GER"]
[SourceTitle "CBM 166 Extra"]
[Source "ChessBase"]
[SourceDate "2015.06.18"]
[SourceVersion "1"]
[SourceVersionDate "2015.06.18"]
[SourceQuality "1"]
[WhiteTeam "Passau"]
[BlackTeam "Leipzig SG"]
[WhiteTeamCountry "GER"]
[BlackTeamCountry "GER"]

1. e4 e6 2. d4 d5 3. Nc3 dxe4 4. Nxe4 Bd7 5. Nf3 Bc6 6. Bd3 Nd7 7. c3 Ngf6 8. Nxf6+ Nxf6 9. Bf4 Bxf3 10. Qxf3 c6 11. 0-0 Qd5 12. Qe2 Qh5 13. Qc2 Qa5 14. Rfe1 Rd8 15. b4 Qb6 16. Be5 Bd6 17. Rad1 1/2-1/2

[Event "BL2-Ost 1415"]
[Site "Germany"]
[Date "2014.10.18"]
[Round "1.5"]
[White "Londyn, Radek"]
[Black "Pflug, Matthias"]
[Result "1-0"]
[WhiteElo "2340"]
[BlackElo "2264"]
[PlyCount "65"]
[EventDate "2014.10.18"]
[EventType "team-tourn"]
[EventRounds "10"]
[EventCountry "GER"]
[SourceTitle "CBM 166 Extra"]
[Source "ChessBase"]
[SourceDate "2015.06.18"]
[SourceVersion "1"]
[SourceVersionDate "2015.06.18"]
[SourceQuality "1"]
[WhiteTeam "Aue Nickelhuette"]
[BlackTeam "Passau"]
[WhiteTeamCountry "GER"]
[BlackTeamCountry "GER"]

1. d4 Nf6 2. Nf3 g6 3. c4 Bg7 4. e3 0-0 5. Be2 d6 6. 0-0 c5 7. d5 e6 8. Nc3 exd5 9. cxd5 Na6 10. Nd2 Nc7 11. e4 Re8 12. a4 a6 13. a5 Bd7 14. f3 Nb5 15. Nc4 Nh5 16. g4 Bxc3 17. bxc3 Nxc3 18. Qc2 Qf6 19. Bd3 Nb5 20. gxh5 Bh3 21. Bb2 Qg5+ 22. Kh1 Bxf1 23. Rxf1 Rad8 24. hxg6 fxg6 25. f4 Qh5 26. f5 Nd4 27. Qg2 Re7 28. e5 dxe5 29. d6 Rf7 30. Nxe5 Rxf5 31. Bxf5 Nxf5 32. Qd5+ Kg7 33. Nf7+ 1-0

[Event "Oberliga Bayern 1314"]
[Site "Bayern"]
[Date "2014.04.06"]
[Round "9.3"]
[White "Kotz, Reinhard"]
[Black "Pflug, Matthias"]
[Result "1/2-1/2"]
[WhiteElo "2189"]
[BlackElo "2312"]
[PlyCount "53"]
[EventDate "2013.10.13"]
[EventType "team-tourn"]
[EventRounds "9"]
[EventCountry "GER"]
[SourceTitle "EXT 2015"]
[Source "ChessBase"]
[SourceDate "2014.11.20"]
[SourceVersion "1"]
[SourceVersionDate "2014.11.20"]
[SourceQuality "1"]
[WhiteTeam "Puschendorf"]
[BlackTeam "Passau"]
[WhiteTeamCountry "GER"]
[BlackTeamCountry "GER"]

1. f4 c5 2. Nf3 Nf6 3. b3 e6 4. e3 Be7 5. Bb2 b6 6. Nc3 Bb7 7. Bd3 d6 8. 0-0 Nbd7 9. Ne2 Qc7 10. Ng3 h6 11. Qe2 Rg8 12. e4 g5 13. fxg5 hxg5 14. Ba6 g4 15. Ne1 0-0-0 16. Bxb7+ Kxb7 17. Nd3 Ne5 18. a4 a6 19. Nxe5 dxe5 20. d3 Rg7 21. Rxf6 Bxf6 22. Nh5 Rg6 23. Nxf6 Rxf6 24. Qxg4 c4 25. bxc4 Qc5+ 26. Kh1 Qf2 27. Rg1 1/2-1/2

[Event "Oberliga Bayern 1011"]
[Site "Germany"]
[Date "2010.12.12"]
[Round "4.6"]
[White "Wachinger, Guenther"]
[Black "Pflug, Matthias"]
[Result "1-0"]
[WhiteElo "2189"]
[BlackElo "2257"]
[PlyCount "65"]
[EventDate "2010.10.10"]
[EventType "team-tourn"]
[EventRounds "9"]
[EventCountry "GER"]
[SourceTitle "EXT 2012"]
[Source "ChessBase"]
[SourceDate "2011.11.24"]
[SourceVersion "1"]
[SourceVersionDate "2011.11.24"]
[SourceQuality "1"]
[WhiteTeam "Pang/Rosenheim"]
[BlackTeam "Passau"]
[WhiteTeamCountry "GER"]
[BlackTeamCountry "GER"]

1. d4 f5 2. Nf3 Nf6 3. g3 g6 4. b4 Bg7 5. Bb2 0-0 6. c4 e6 7. Bg2 d5 8. 0-0 c6 9. Qc2 Nbd7 10. Nbd2 b5 11. c5 a5 12. a4 Ba6 13. Nb3 axb4 14. a5 Ne4 15. Ne1 e5 16. Nd3 exd4 17. Nxb4 Ne5 18. Bxd4 Nc4 19. Bxg7 Kxg7 20. Nxc6 Qc7 21. Nb4 Rfd8 22. Rfd1 Ra7 23. Rxd5 Rxd5 24. Nxd5 Qe5 25. Bxe4 fxe4 26. Qc3 Bb7 27. Qxe5+ Nxe5 28. Nb4 Kf6 29. a6 Bc6 30. Nd4 Be8 31. c6 Ra8 32. a7 Nc4 33. Nxb5 1-0

[Event "Oberliga Bayern 1011"]
[Site "Germany"]
[Date "2010.10.24"]
[Round "2.4"]
[White "Lederle, Vitus"]
[Black "Pflug, Matthias"]
[Result "0-1"]
[WhiteElo "2168"]
[BlackElo "2257"]
[PlyCount "114"]
[EventDate "2010.10.10"]
[EventType "team-tourn"]
[EventRounds "9"]
[EventCountry "GER"]
[SourceTitle "EXT 2012"]
[Source "ChessBase"]
[SourceDate "2011.11.24"]
[SourceVersion "1"]
[SourceVersionDate "2011.11.24"]
[SourceQuality "1"]
[WhiteTeam "Dillingen"]
[BlackTeam "Passau"]
[WhiteTeamCountry "GER"]
[BlackTeamCountry "GER"]

1. e4 c5 2. Nf3 d6 3. d4 cxd4 4. Nxd4 Nf6 5. Nc3 a6 6. Bc4 e6 7. Bb3 Nbd7 8. Bg5 Nc5 9. f4 Be7 10. Qf3 Qc7 11. 0-0-0 b5 12. Rhe1 Bb7 13. Kb1 b4 14. Bxf6 Bxf6 15. Ndb5 axb5 16. Nxb5 Qb6 17. Nxd6+ Kf8 18. Qe3 Qa7 19. Bc4 Ba6 20. Qe2 Na4 21. e5 Be7 22. f5 Nb6 23. Qh5 Bxd6 24. Bxe6 fxe6 25. fxe6 Be2 26. Qf5+ Kg8 27. Qf7+ Qxf7 28. exf7+ Kxf7 29. Rxd6 Nc8 30. e6+ Kf6 31. Rd4 Bb5 32. Rf4+ Kg6 33. Re3 h5 34. Rg3+ Kh6 35. Rf7 Ra7 36. Rf5 Be2 37. Re5 Bc4 38. b3 Ba6 39. Rxh5+ Kxh5 40. Rh3+ Kg5 41. Rxh8 Re7 42. Rh3 Rxe6 43. Rg3+ Kf6 44. Rg4 Rb6 45. h4 Ne7 46. Rf4+ Kg6 47. g4 Nd5 48. Rd4 Bb7 49. Kb2 Ra6 50. Rc4 Rc6 51. Re4 Ra6 52. Rc4 Rf6 53. Rc5 Rf4 54. Rb5 Bc6 55. Rc5 Ne7 56. h5+ Kh6 57. Re5 Re4 0-1